Dictionary of the english language, explanatory, pronouncing, etymological, and synonymous. With an Appendix containing various useful tables, mainly apridged from the latest edition of the quarto dictionary of Noah Webster, LL. D. Illustrated with more than Three Hundred and Fifty engraving in wood

Gardado en:
Detalles Bibliográficos
Main Authors: Webster, William G. (Author), Webster, William A. (Author)
Formato: Libro
Idioma:inglés
grego
latín
Publicado: Nueva York American Book Company 1868
Edición:1a. ed
Subjects:
Tags: Engadir etiqueta
Sen Etiquetas, Sexa o primeiro en etiquetar este rexistro!

MARC

LEADER 00000nam a2200000 a 4500
001 UCJ8646
003 CL-VaPUC
008 070124e18680000US |||||||||||||||||eng|d
041 0 7 |a eng  |2 CL-VaPUC 
041 0 7 |a gre  |2 CL-VaPUC 
041 0 7 |a lat  |2 CL-VaPUC 
082 0 4 |a 423  |b WEB  |2 21 
100 0 |a Webster, William G.  |e author  |9 517525 
700 0 |a Webster, William A.  |e author  |9 517526 
245 1 0 |a Dictionary of the english language, explanatory, pronouncing, etymological, and synonymous. With an Appendix containing various useful tables, mainly apridged from the latest edition of the quarto dictionary of Noah Webster, LL. D. Illustrated with more than Three Hundred and Fifty engraving in wood 
250 |a 1a. ed 
300 |a xxxii, 560 p 
942 |c BK 
945 |d 20070124 00:00:00  |a rinostro 
260 |a Nueva York  |b American Book Company  |c 1868 
500 |a Aunque manual, se trata de un muy completo e interesante diccionario 
650 7 |a DICCIONARIO INGLES  |2 CL-VaPUC  |9 262129 
650 0 |a Ilustraciones  |9 369481 
650 0 |a Gramática inglesa  |9 392981 
650 0 |a Latín   |9 269544 
650 7 |a GRIEGO  |2 CL-VaPUC  |9 317586 
650 7 |a ETIMOLOGIAS  |2 CL-VaPUC  |9 505919 
583 |a last modification  |c 20070124 00:00:00  |k Rodrigo Vera 
999 |c 324316  |d 324314 
952 |0 0  |1 0  |4 0  |6 423_000000000000000_WEB_1868  |7 0  |8 X  |9 404402  |a FDOBUD  |b FDOBUD  |d 2019-11-22  |i 1017837  |o 423 WEB 1868  |p 1017837  |r 2019-11-22  |w 2019-11-22  |y BK_X  |k BUD